Defects in sheet rubber - rust (Record no. 56754)

MARC details
000 -LEADER
fixed length control field 00286nam a2200121Ia 4500
245 #0 - TITLE STATEMENT
Title Defects in sheet rubber - rust
260 ## - PUBLICATION, DISTRIBUTION, ETC. (IMPRINT)
Name of publisher Planters Bulletin
Year of publication 1962
300 ## - PHYSICAL DESCRIPTION
Number of Pages 57-60
650 ## - SUBJECT ADDED ENTRY--TOPICAL TERM
Topical Term Rust
650 ## - SUBJECT ADDED ENTRY--TOPICAL TERM
Topical Term Sheet rubber
942 ## - ADDED ENTRY ELEMENTS (KOHA)
Koha item type Journals
Holdings
Withdrawn status Lost status Damaged status Not for loan Home library Current library Shelving location Date acquired Serial Enumeration / chronology Koha item type
      Journals RRII Library RRII Library Rubber general 17/12/2021 Volume 60, Issue Journals